UK Towns Quiz - West Dunbartonshire - Scotland - Statistics

General Stats
  • This quiz has been taken 25 times
  • The average score is 7 of 9
Answer Stats
Clue Town Population % Correct
B Balloch 5,997
100%
C Clydebank 26,221
100%
D Dumbarton 21,036
100%
A Alexandria 6,264
94%
B Bowling 4,763
75%
R Renton 2,415
69%
B Bonhill 8,619
63%
D Duntocher 6,562
50%
F Faifley 4,776
38%
No matching quizzes found
Score Distribution
Percent of People with Each Score
Percentile by Number Answered
Your Score History
You have not taken this quiz